El promotor de la salud de los hombres, sin dispendio el menor de sus caudales (Record no. 161769)

MARC details
000 -LEADER
campo de control de longitud fija 01517nam a2200253 i 4500
001 - NÚMERO DE CONTROL
campo de control 161769
003 - IDENTIFICADOR DE NÚMERO DE CONTROL
campo de control ES-MaACL
005 - FECHA Y HORA DE LA ÚLTIMA TRANSACCIÓN
campo de control 20251003063141.0
008 - DATOS DE LONGITUD FIJA--INFORMACIÓN GENERAL
campo de control de longitud fija 041029s1753 sp |||| | spa d
040 ## - FUENTE DE CATALOGACIÓN
Centro catalogador/agencia de origen CAM
Lengua de catalogación spa
Centro/agencia transcriptor CAM
100 1# - ENTRADA PRINCIPAL--NOMBRE DE PERSONA
Nombre de persona Ferrer Gorraiz Beaumont y Montesa, Vicente,
Fechas asociadas al nombre 1718-1792
9 (RLIN) 152495
245 13 - MENCIÓN DEL TÍTULO
Título El promotor de la salud de los hombres, sin dispendio el menor de sus caudales
Resto del título : admirable methodo de curar todo mal, con brevedad, seguridad y y [sic] à placer : dissertación histórico-crítico-médico-práctica, en que se establece el agua por remedio universal de las dolencias /
Mención de responsabilidad, etc. escrita por ... Vicente Pérez...vulgò el Medico del Agua...
260 ## - PUBLICACIÓN, DISTRIBUCIÓN, ETC.
Lugar de publicación, distribución, etc. Madrid :
Nombre del editor, distribuidor, etc. [s.n.],
Fecha de publicación, distribución, etc. 1753.
300 ## - DESCRIPCIÓN FÍSICA
Extensión [16], 71 p. ;
Dimensiones 4º.
530 ## - NOTA DISPONIBLE DE FORMULARIO FÍSICO ADICIONAL
Nota de formato físico adicional disponible Disponible también en sitio web.
594 ## - Nota al título y mención de responsabilidad
Nota al título y mención de responsabilidad Según Aguilar Piñal el nombre de Vicente Pérez responde a uno de los seudónimos utilizados por Vicente Ferrer Gorraiz Beaumont y Montesa.
597 ## - NOTA DE DESCRIPCIÓN FÍSICA
NOTA DE DESCRIPCIÓN FÍSICA Sign.: ¶-¶¶4, A-I4.
597 ## - NOTA DE DESCRIPCIÓN FÍSICA
NOTA DE DESCRIPCIÓN FÍSICA Viñeta xil. en cabecera de p. 1, enmarcando : "Fernando VI y María Bárbara Vivan"
650 #7 - PUNTO DE ACCESO ADICIONAL DE MATERIA--TÉRMINO DE MATERIA
Término de materia o nombre geográfico como elemento de entrada Medicina natural
Fuente del encabezamiento o término embne
9 (RLIN) 14931
650 #4 - PUNTO DE ACCESO ADICIONAL DE MATERIA--TÉRMINO DE MATERIA
Término de materia o nombre geográfico como elemento de entrada Hidroterapia-
Subdivisión de forma Obras anteriores a 1800.
9 (RLIN) 147184
852 ## - LOCALIZACIÓN
Ubicación ES-MaACL
Número de control de estantería R-3097(6)
Encuadernación Olim:T-627-F
Nota libre -- Enc. pasta española, original de la época
-- -- Ex-libris de Mateo Seoane
856 ## - LOCALIZACIÓN Y ACCESO ELECTRÓNICOS
Identificador Uniforme de Recursos <a href="http://bibliotecadigitalhispanica.bne.es:80/webclient/DeliveryManager?pid=1832461&custom_att_2=simple_viewer">http://bibliotecadigitalhispanica.bne.es:80/webclient/DeliveryManager?pid=1832461&custom_att_2=simple_viewer</a>
Nota pública Ir a la página
Holdings
Estatus retirado Estado de pérdida Estado de daño No para préstamo Colección Biblioteca de origen Biblioteca actual Ubicación en estantería Fecha de adquisición Fuente de adquisición Total de préstamos Signatura topográfica completa Código de barras Visto por última vez Precio de reemplazo Tipo de ítem Koha
        Colección digital Biblioteca del Ateneo de Madrid Biblioteca del Ateneo de Madrid Depósito 17/01/2008     R-3097(6) 1169453 23/02/2023 23/02/2023 Libro impreso antiguo